000 00802nam a22002657a 4500
001 BR8902890
003 BR-BrBNA
005 20240117145101.0
007 ta
008 230509b bl.||||| |||| 00| 0 por d
040 _aBR-BrBNA
_bpor
_cBiblioteca Nacional de Agricultura
041 _a(Spa)
072 _aA01; E10; E14
090 _aA01
_bBR8902890
110 1 _aMinisterio da Agricultura, Brasilia, DF (Brasil). Escritorio Central de Planejamento e Controle
_96800
245 1 _aLa agricultura brasilena y la politica nacional de desarrollo
260 3 _aBrasilia, DF (Brasil):
_c1968.
300 _a74 p.
500 _a26 tables
650 _aAGRICULTURA
650 _aPOLITICA AGRICOLA
650 _aDESENVOLVIMENTO AGRICOLA
650 _aPOLITICA DE DESENVOLVIMENTO
942 _cBK
_2AGRIS
999 _c43780
_d43780